000 00726nam a2200289Ia 4500
005 20260324150920.0
008 008 260324s9999 xx 000 0 eng d
020 _a9781351238564
037 _aEBOOK
040 _aCRL
040 _beng
040 _cCRL
041 _2eng
041 _aeng
084 _qCRL
100 _aTheodoor Hendrik van de Velde
_91228075
245 0 _aRevival: Fertility and Sterility in Marriage (1929)
245 0 _bTheir Voluntary Promotion and Limitation
260 _bTaylor and Francis
260 _c1929
365 _a
365 _b420
856 _uhttp://www.taylorfrancis.com/books/9781351238564
942 _cEBOOK
999 _c1838334
_d1838334